Statistics for Top 12 Oklahoma City Thunder Players

Click here to take the quiz!

General Stats

  • This quiz has been taken 80 times
    (61 since last reset)
  • The average score is 6 of 12

Answer Stats

RankPlayerWin Share% Correct
2Kevin Durant107.9
100%
3Russell Westbrook96.9
100%
1Gary Payton123.8
91%
5Shawn Kemp67.6
89%
11Serge Ibaka47.6
58%
4Jack Sikma79.0
42%
8Detlef Schrempf53.7
23%
12Dale Ellis45.5
19%
7Rashard Lewis58.9
16%
9Gus Williams52.1
16%
6Fred Brown63.2
11%
10Nate McMillan50.2
11%

Score Distribution

Percentile by Number Answered

Percent of People with Each Score

Your Score History

You have not taken this quiz since the last reset